000 00402nam a22001337a 4500
020 _qHB.
040 _cFIZZA ISHAQ
082 _a658.4
_bGLU
100 _a Glueck, William F.
_9134359
245 _aBusiness policy: strategy formation and management action /
_c William F. Glueck.
260 _aNew York:
_bMcGraw-Hill series in management,
_c1972.
300 _axii ; 896
_c23.4 cm
942 _2ddc
_cBK
999 _c617338
_d617338